| 000 | 00799cam a2200229 4500 | ||
|---|---|---|---|
| 001 | WB3604-23 | ||
| 008 | 000000n2000 000 0 eng u | ||
| 035 | _a(Sirsi) u103832 | ||
| 245 | _aLarge-scale building on greenfield sites | ||
| 260 | _c2000 | ||
| 490 |
_aYorkshire Post _v 21 January 2000, 19(1) |
||
| 520 | _aArticle discusses different views from the property world on government moves to restrict new building on brownfield sites and anti-car policies. | ||
| 590 | _aWB | ||
| 650 | _aBROWNFIELD SITES | ||
| 650 | _aTRANSPORT POLICY | ||
| 650 | _aREGENERATION | ||
| 650 | _aGOVERNMENT POLICY | ||
| 650 | _aPLANNING POLICY GUIDANCE NOTE SIX | ||
| 650 | _aPLANNING POLICY GUIDANCE NOTE 13 | ||
| 690 | _aENVIRONMENTAL AND LAND CONSULTANCY-PLANNING AND DEVELOPMENT | ||
| 942 | _n0 | ||
| 999 |
_c62350 _d62350 |
||